000 00652nam a2200217Ii 4500
001 18220
003 CO-ViMGA
008 241108s9999||||xx |||||||||||||| ||und||
020 _a9586071731
040 _aCO-ViMGA
_bspa
_erda
_cCO-ViMGA
041 0 _aspa
082 0 4 _a158.2 G14r
100 1 _aJuan Francisco Gallo
_949165
245 1 0 _aRelaciones humanas aplicadas :
_bpsicologĂ­a del comportamiento humano
264 1 _aBogotá, Colombia : Paulinas, 1995
300 _avolumen
336 _atext
_btxt
_2rdacontent
337 _aunmediated
_bn
_2rdamedia
338 _avolume
_bnc
_2rdacarrier
940 _aidficha_siabuc: 17884. -- ficha_no_siabuc:18220
999 _c43808
_d43808